Cristina Cifuentes (Record no. 187653)

MARC details
000 -LEADER
campo de control de longitud fija 00811nam a2200241 i 4500
001 - NÚMERO DE CONTROL
campo de control 187653
003 - IDENTIFICADOR DE NÚMERO DE CONTROL
campo de control ES-MaACL
005 - FECHA Y HORA DE LA ÚLTIMA TRANSACCIÓN
campo de control 20231215124614.0
008 - DATOS DE LONGITUD FIJA--INFORMACIÓN GENERAL
campo de control de longitud fija 171215s2016 sp a |||| | spa d
020 ## - NÚMERO INTERNACIONAL ESTÁNDAR DEL LIBRO
Número Internacional Estándar del Libro 978-84-9060-686-5
080 ## - NÚMERO DE LA CLASIFICACIÓN DECIMAL UNIVERSAL
Número de la Clasificación Decimal Universal 32(460.27)"1995/..."
100 1# - ENTRADA PRINCIPAL--NOMBRE DE PERSONA
Nombre de persona Merlos, Alfonso.
9 (RLIN) 163931
245 10 - MENCIÓN DEL TÍTULO
Título Cristina Cifuentes
Resto del título : sin ataduras /
Mención de responsabilidad, etc. Alfonso Merlos.
250 ## - MENCION DE EDICION
Mención de edición 1ª ed.
260 ## - PUBLICACIÓN, DISTRIBUCIÓN, ETC.
Lugar de publicación, distribución, etc. Madrid :
Nombre del editor, distribuidor, etc. La Esfera de los Libros,
Fecha de publicación, distribución, etc. 2016.
300 ## - DESCRIPCIÓN FÍSICA
Extensión 341 p., [32] p. de lám. ;
Dimensiones 24 cm.
600 14 - PUNTO DE ACCESO ADICIONAL DE MATERIA--NOMBRE DE PERSONA
Nombre de persona Cifuentes, Cristina.
9 (RLIN) 163932
651 #4 - PUNTO DE ACCESO ADICIONAL DE MATERIA--NOMBRE GEOGRÁFICO
Nombre geográfico Madrid-
Subdivisión general Política y gobierno.
9 (RLIN) 160599
852 ## - LOCALIZACIÓN
Ubicación ES-MaACL
Número de control de estantería A-14151
itemnumber 194741
Sublocalización o colección R.151435
Ubicación en estantería Depósito 1
Signatura antigua Olim: N-7151
Donativo/Legado Donación: Miguel Calvo
903 ## - NOMBRE PERSONAL DE DONANTE
9 234610
a Calvo López, Miguel
e Donante
942 ## - ELEMENTOS DE ENTRADA SECUNDARIOS (KOHA)
Fuente del sistema de clasificación o colocación Clasificación decimal universal
Tipo de ítem Koha Libro impreso
Holdings
Estatus retirado Estado de pérdida Fuente del sistema de clasificación o colocación Estado de daño No para préstamo Biblioteca de origen Biblioteca actual Ubicación en estantería Fecha de adquisición Fuente de adquisición Total de préstamos Signatura topográfica completa Código de barras Visto por última vez Precio de reemplazo Tipo de ítem Koha
    Clasificación decimal universal     Biblioteca del Ateneo de Madrid Biblioteca del Ateneo de Madrid Depósito 1 15/12/2017 Donación   A-14151 1198205 23/02/2023 23/02/2023 Libro impreso